Complete Guide For GAT General Test : (Record no. 198647)

000 -LEADER
fixed length control field 00777 a2200181 4500
003 - CONTROL NUMBER IDENTIFIER
control field Nust
005 - DATE AND TIME OF LATEST TRANSACTION
control field 20230126095116.0
040 ## - CATALOGING SOURCE
Transcribing agency Nust
082 ## - DEWEY DECIMAL CLASSIFICATION NUMBER
Classification number 420.4,IDR
100 ## - MAIN ENTRY--PERSONAL NAME
Personal name Idrees Muhmmad
9 (RLIN) 107712
245 ## - TITLE STATEMENT
Title Complete Guide For GAT General Test :
Remainder of title GRE ( General Local) /
Statement of responsibility, etc. Muhammad Idrees
250 ## - EDITION STATEMENT
Edition statement Updated
260 ## - PUBLICATION, DISTRIBUTION, ETC.
Place of publication, distribution, etc. Lohore
Name of publisher, distributor, etc. Dogar Brather
Date of publication, distribution, etc. 201-2011
300 ## - PHYSICAL DESCRIPTION
Extent 502p;
505 ## - FORMATTED CONTENTS NOTE
Formatted contents note Part I: GAT and scholarship schemes (Page-5), Part II: Diagnostic test (Page-43), Part III: Vocabulary Building Techniques (Page-85), Part IV: Verbal Ability (Page-157), Part V: Quantitative Ability (Page-276), Analytical Ability (Page-371), Part VII: Practice Test (Page-447), Part VIII: Appendix (Page-493).
651 ## - SUBJECT ADDED ENTRY--GEOGRAPHIC NAME
Geographic name GAtT Test
9 (RLIN) 107713
942 ## - ADDED ENTRY ELEMENTS (KOHA)
Source of classification or shelving scheme
Koha item type Book
Call number prefix 420.4,IDR
Holdings
Withdrawn status Lost status Source of classification or shelving scheme Damaged status Not for loan Permanent Location Current Location Shelving location Date acquired Total Checkouts Total Renewals Full call number Barcode Date last seen Date last checked out Price effective from Koha item type Public note
          Military College of Signals (MCS) Military College of Signals (MCS) General Stacks 12/12/2016 4 1 420.4,IDR MCS36861 12/30/2025 10/21/2025 12/12/2016 Book Almirah No. 54, Shelf No. 6
          Military College of Signals (MCS) Military College of Signals (MCS) General Stacks 01/26/2023 1   420.4,IDR MCS37183 04/18/2025 04/09/2025 01/26/2023 Book Almirah No. 54, Shelf No. 6
© 2023 Central Library, National University of Sciences and Technology. All Rights Reserved.